01053agaaa2200265 45000010005000000030009000050050017000140070009000310080040000400400023000800410012001031000052001151300034001672450136002012500022003372600097003593000034004565110012004905380016005025460012005186500070005307000063006007000060006637000064007230059IT-RoPAU20220918181300.0d cvaizq50131s9999||||xx ||| | || ||und|| aIT-RoPAUcIT-RoPAU aINGLESE aMadonna (Ciccone) gCodice regista SPICS: 13281 aBLOUND AMBITION WORLD TOUR 90 aBLOUND AMBITION WORLD TOUR 90cDiretto da: Madonna (Ciccone) pBLOUND AMBITION WORLD TOUR 90 (Rif. Codice opera principale : 90059) aEdizione Standard aITALIA ()bRAI - SACIS / Distribuzione: RAIg"1990 (1° ed.: 1990 ; Ed. Lingua Orig.: 1990)" aVHSbsonoro, col.c115 minuti aMadonna aPAL, STEREO aINGLESE aMUSICALEeTV-PROGRAMMI MUSICALI [VHS]xCodice MATERIA SPICS: 9965 aMadonna (Ciccone) e(regista)gCodice regista SPICS: 13281 aMallet David e(soggetto)gCodice Soggetto SPICS: 31943 aMiceli Aldoe(regista)gCodice secondo regista SPICS: 31944